=LDR 00000nam 2200000 4500 =001 INLIS000000000003576 =005 20130612091858 =008 ***********************************Ind** =035 ##$$a0010-061300000003576 =041 ##$$a Ind =082 ##$$a 616.804 75 =090 ##$$a 616.804 75, Mon c =100 ##$$a Montgomery, Erwin B =245 ##$$a Cara-cara menegakkan diagnosis neurologi, Erwin B. Montgomery; alih bahasa, Maria Osman =260 ##$$a 1991 $b Jakarta =300 ##$$a viii, 287 hlm., ilus., 23 cm =650 ##$$a Neurologi =650 ##$$a Diagnosa =700 ##$$a Osman, Maria =850 ##$$a NBPNMAT =990 ##$$a 21400613/BPAP-NTB/20142014 =990 ##$$a 21400613/BPAP-NTB/20142014 =990 ##$$a 21400613/BPAP-NTB/20142014 =990 ##$$a 21400613/BPAP-NTB/20142014 =990 ##$$a 21400613/BPAP-NTB/20142014